[Event "HUN-chT2 Asztalos 1819"]
[Site "Hungary"]
[Date "2018.11.18"]
[Round "2.11"]
[White "Papp, Csaba"]
[Black "Jehn, Csaba"]
[Result "1-0"]
[WhiteElo "2006"]
[BlackElo "1761"]
[PlyCount "83"]
[EventDate "2018.10.28"]
[EventType "team-tourn"]
[EventRounds "9"]
[EventCountry "HUN"]
[SourceTitle "CBM 189 Extra"]
[Source "ChessBase"]
[SourceDate "2019.06.03"]
[SourceVersion "1"]
[SourceVersionDate "2019.06.03"]
[SourceQuality "1"]
[WhiteTeam "Decs 1990"]
[BlackTeam "Komlo"]
[WhiteTeamCountry "HUN"]
[BlackTeamCountry "HUN"]

1. e4 Nc6 2. d4 d5 3. Bb5 dxe4 4. Nc3 a6 5. Bxc6+ bxc6 6. Nxe4 Qd5 7. f3 Bf5 8. Nc3 Qc4 9. Nge2 Rd8 10. b3 Qb4 11. a3 Qb7 12. Na4 Qa7 13. Be3 e5 14. Qd2 c5 15. c3 cxd4 16. cxd4 exd4 17. Bxd4 c5 18. Qe3+ Qe7 19. Nxc5 Rxd4 20. Qxe7+ Bxe7 21. Nxd4 Bc8 22. Rc1 Nf6 23. Ne4 0-0 24. b4 Nxe4 25. fxe4 Bf6 26. Nf5 Bg5 27. Rc5 h6 28. h4 Bf6 29. Ke2 Rd8 30. Rd1 Re8 31. Kf3 h5 32. g3 g6 33. Ne3 Bb7 34. Rc4 Bb2 35. a4 f5 36. Nd5 fxe4+ 37. Rxe4 Rd8 38. Ne7+ Kf7 39. Rxd8 Bxe4+ 40. Kxe4 Kxe7 41. Ra8 Bc3 42. Rxa6 1-0

[Event "HUN-chT2 Asztalos 1617"]
[Site "Hungary"]
[Date "2016.12.11"]
[Round "6.6"]
[White "Jehn, Csaba"]
[Black "Marosvolgyi, Ferenc"]
[Result "1-0"]
[WhiteElo "1748"]
[BlackElo "1857"]
[PlyCount "51"]
[EventDate "2016.09.25"]
[EventType "team-tourn"]
[EventRounds "11"]
[EventCountry "HUN"]
[SourceTitle "EXT 2021"]
[Source "ChessBase"]
[SourceDate "2020.10.23"]
[SourceVersion "1"]
[SourceVersionDate "2020.10.23"]
[SourceQuality "1"]
[WhiteTeam "Komlo Banyasz II"]
[BlackTeam "Marcali"]
[WhiteTeamCountry "HUN"]
[BlackTeamCountry "HUN"]

1. e4 d6 2. d4 g6 3. Nf3 Bg7 4. Nc3 c6 5. Bc4 Nf6 6. e5 dxe5 7. Nxe5 e6 8. Bg5 Qb6 9. Qf3 Nbd7 10. 0-0-0 Nxe5 11. dxe5 Nd7 12. Bf6 Bxf6 13. exf6 Ne5 14. Qe4 Nxc4 15. Qxc4 Qxf2 16. Ne4 Qf4+ 17. Kb1 0-0 18. h4 Qc7 19. h5 b5 20. Qc5 Bb7 21. hxg6 fxg6 22. Ng5 Rxf6 23. Rxh7 Rf5 24. Qxf5 exf5 25. Rxc7 Rb8 26. Ne6 1-0